Ugly's electrical references / (Record no. 355758)
[ view plain ]
| 000 -LEADER | |
|---|---|
| fixed length control field | 01374cam a22003857i 4500 |
| 001 - CONTROL NUMBER | |
| control field | 18728663 |
| 003 - CONTROL NUMBER IDENTIFIER | |
| control field | USPCAS-E |
| 005 - DATE AND TIME OF LATEST TRANSACTION | |
| control field | 20180118181412.0 |
| 008 - FIXED-LENGTH DATA ELEMENTS--GENERAL INFORMATION | |
| fixed length control field | 150804t20152015maua f 000 0 eng d |
| 010 ## - LIBRARY OF CONGRESS CONTROL NUMBER | |
| LC control number | 2015460595 |
| 020 ## - INTERNATIONAL STANDARD BOOK NUMBER | |
| International Standard Book Number | 9781449690779 |
| 020 ## - INTERNATIONAL STANDARD BOOK NUMBER | |
| International Standard Book Number | 1449690777 |
| 035 ## - SYSTEM CONTROL NUMBER | |
| System control number | (OCoLC)ocn868038522 |
| 040 ## - CATALOGING SOURCE | |
| Original cataloging agency | BTCTA |
| Language of cataloging | eng |
| Description conventions | rda |
| Transcribing agency | BTCTA |
| Modifying agency | YDXCP |
| -- | EGM |
| -- | APL |
| -- | OCLCF |
| -- | ABG |
| -- | CNNWL |
| -- | OQP |
| -- | OCL |
| -- | DLC |
| 042 ## - AUTHENTICATION CODE | |
| Authentication code | lccopycat |
| 050 00 - LIBRARY OF CONGRESS CALL NUMBER | |
| Classification number | TK151 |
| Item number | .U35 2015 |
| 082 04 - DEWEY DECIMAL CLASSIFICATION NUMBER | |
| Classification number | 621.31924 |
| Edition number | 23 |
| Author Mark | UGL 2015 |
| 245 00 - TITLE STATEMENT | |
| Title | Ugly's electrical references / |
| Statement of responsibility, etc. | Jones & Bartlett Learning. |
| 246 30 - VARYING FORM OF TITLE | |
| Title proper/short title | Electrical references |
| 260 ## - PUBLICATION, DISTRIBUTION, ETC. | |
| Place of publication, distribution, etc. | Burlington |
| Name of publisher, distributor, etc. | Jones & fartlett learning |
| Date of publication, distribution, etc. | 2015 |
| 300 ## - PHYSICAL DESCRIPTION | |
| Extent | x, 193 pages : |
| Other physical details | illustrations ; |
| Dimensions | 16 cm. |
| 500 ## - GENERAL NOTE | |
| General note | Spiral bound. |
| 500 ## - GENERAL NOTE | |
| General note | Revision of the 2011 edition, written by George V. Hart and Sammie Hart ; William C. Buchanan, editor. |
| 502 ## - DISSERTATION NOTE | |
| Dissertation note | 0 |
| 650 #0 - SUBJECT ADDED ENTRY--TOPICAL TERM | |
| Topical term or geographic name entry element | Electrical engineering |
| Form subdivision | Handbooks, manuals, etc. |
| 650 #7 - SUBJECT ADDED ENTRY--TOPICAL TERM | |
| Topical term or geographic name entry element | Electrical engineering. |
| Source of heading or term | fast |
| 655 #7 - INDEX TERM--GENRE/FORM | |
| Genre/form data or focus term | Handbooks and manuals. |
| Source of term | fast |
| 700 1# - ADDED ENTRY--PERSONAL NAME | |
| Personal name | Hart, George V., |
| Relator term | author. |
| 700 1# - ADDED ENTRY--PERSONAL NAME | |
| Personal name | Hart, Sammie, |
| Relator term | author. |
| 700 1# - ADDED ENTRY--PERSONAL NAME | |
| Personal name | Buchanan, William C., |
| Relator term | editor. |
| 710 2# - ADDED ENTRY--CORPORATE NAME | |
| Corporate name or jurisdiction name as entry element | Jones & Bartlett Learning, |
| Relator term | author. |
| 906 ## - LOCAL DATA ELEMENT F, LDF (RLIN) | |
| a | 7 |
| b | cbc |
| c | copycat |
| d | 2 |
| e | ncip |
| f | 20 |
| g | y-gencatlg |
| 942 ## - ADDED ENTRY ELEMENTS (KOHA) | |
| Source of classification or shelving scheme | |
| Koha item type | Book |
| Withdrawn status | Lost status | Source of classification or shelving scheme | Damaged status | Not for loan | Permanent Location | Current Location | Shelving location | Date acquired | Source of acquisition | Cost, normal purchase price | Total Checkouts | Full call number | Barcode | Date last seen | Price effective from | Koha item type | Copy number |
|---|---|---|---|---|---|---|---|---|---|---|---|---|---|---|---|---|---|
| US-Pakistan Center for Advanced Studies in Energy (USPCAS-E) | US-Pakistan Center for Advanced Studies in Energy (USPCAS-E) | 12/15/2015 | Progressive | 1778.00 | 621.31924 UGL 2015 | CAS-E0000915 | 12/15/2015 | 12/15/2015 | Book | ||||||||
| US-Pakistan Center for Advanced Studies in Energy (USPCAS-E) | US-Pakistan Center for Advanced Studies in Energy (USPCAS-E) | 12/15/2015 | Progressive | 1778.00 | 621.31924 UGL 2015 | CAS-E0000916 | 12/15/2015 | 12/15/2015 | Book | 2 |
